000 00302nam a2200145Ia 4500
100 _aTTTI
490 _v1
942 _cBK
654 _aEngineering
245 _aEngineering experimentation course
260 _bSomaiya pub.
_aBombay
_c1981
082 _a371.32
300 _a83
546 _aENGLISH
999 _c25687
_d25687